[Event "Barcelona Sant Marti op-A 18th"]
[Site "Barcelona"]
[Date "2016.07.20"]
[Round "8"]
[White "Valls Marti, Artur"]
[Black "Kunal, Kakumanu Prasad"]
[Result "0-1"]
[WhiteElo "2133"]
[BlackElo "1903"]
[PlyCount "56"]
[EventDate "2016.07.13"]
[EventType "swiss"]
[EventRounds "9"]
[EventCountry "ESP"]
[SourceTitle "CBM 173 Extra"]
[Source "ChessBase"]
[SourceDate "2016.08.29"]
[SourceVersion "1"]
[SourceVersionDate "2016.08.29"]
[SourceQuality "1"]

1. f4 Nf6 2. e3 g6 3. b4 Bg7 4. Bb2 0-0 5. Nf3 d6 6. Be2 Nbd7 7. 0-0 b6 8. a4 c5 9. bxc5 bxc5 10. Na3 Rb8 11. Rb1 Bb7 12. c4 Bc6 13. Nb5 a6 14. Nc3 Qc7 15. Qc2 Rb6 16. d4 Rfb8 17. Nd2 Bxg2 18. Kxg2 Qb7+ 19. Bf3 Rxb2 20. Qd3 Qc7 21. Nb5 Rxd2+ 22. Qxd2 axb5 23. cxb5 cxd4 24. Qxd4 Qc2+ 25. Kg1 Ng4 26. Bxg4 Bxd4 27. exd4 Nf6 28. Bf3 Qxa4 0-1

[Event "Barcelona Sant Marti op-A 18th"]
[Site "Barcelona"]
[Date "2016.07.17"]
[Round "5"]
[White "Kunal, Kakumanu Prasad"]
[Black "Garcia Marin, Guillem"]
[Result "1-0"]
[WhiteElo "1903"]
[BlackElo "2116"]
[PlyCount "61"]
[EventDate "2016.07.13"]
[EventType "swiss"]
[EventRounds "9"]
[EventCountry "ESP"]
[SourceTitle "CBM 173 Extra"]
[Source "ChessBase"]
[SourceDate "2016.08.29"]
[SourceVersion "1"]
[SourceVersionDate "2016.08.29"]
[SourceQuality "1"]

1. e4 d6 2. d4 Nf6 3. Nc3 c6 4. f4 Qa5 5. Bd3 e5 6. Nf3 exd4 7. Nxd4 g6 8. 0-0 Bg7 9. Kh1 0-0 10. f5 Nbd7 11. Qe1 Qc7 12. Qh4 a6 13. Bg5 c5 14. Nde2 b5 15. Nf4 Bb7 16. fxg6 hxg6 17. Rf3 b4 18. Ncd5 Bxd5 19. Nxd5 Nxd5 20. exd5 Ne5 21. Rh3 f5 22. Qh7+ Kf7 23. Bh6 Kf6 24. Bg5+ Kf7 25. Bxf5 gxf5 26. Qxf5+ Kg8 27. Qh7+ Kf7 28. Bh6 Ke7 29. Bxg7 Rf7 30. Bxe5 dxe5 31. Qxf7+ 1-0

[Event "Barcelona Sant Marti op-A 18th"]
[Site "Barcelona"]
[Date "2016.07.16"]
[Round "4"]
[White "Sadhwani, Raunak"]
[Black "Kunal, Kakumanu Prasad"]
[Result "1-0"]
[WhiteElo "2122"]
[BlackElo "1903"]
[PlyCount "103"]
[EventDate "2016.07.13"]
[EventType "swiss"]
[EventRounds "9"]
[EventCountry "ESP"]
[SourceTitle "CBM 173 Extra"]
[Source "ChessBase"]
[SourceDate "2016.08.29"]
[SourceVersion "1"]
[SourceVersionDate "2016.08.29"]
[SourceQuality "1"]

1. e4 c5 2. Nf3 Nc6 3. d4 cxd4 4. Nxd4 g6 5. c4 d6 6. Nc3 Nf6 7. Be2 Nxd4 8. Qxd4 Bg7 9. Be3 0-0 10. Qd2 a5 11. 0-0 a4 12. f3 Be6 13. Rac1 Qa5 14. Nd5 Qxd2 15. Nxe7+ Kh8 16. Bxd2 Rfe8 17. Nd5 Nxd5 18. cxd5 Bxd5 19. Bb5 Bc6 20. Bxc6 bxc6 21. Rxc6 Bd4+ 22. Kh1 Bxb2 23. Rxd6 Rad8 24. Bb4 Rxd6 25. Bxd6 Be5 26. Bxe5+ Rxe5 27. g3 Rb5 28. Kg2 Rb2+ 29. Rf2 a3 30. f4 Kg7 31. Kf3 Kf6 32. Ke3 h5 33. h4 Rb1 34. Rg2 Rb2 35. Rd2 Ke6 36. Kd3 Rb1 37. Kc2 Rb4 38. Kd3 Rb1 39. Kc4 Rb2 40. Kc3 Rb1 41. Kd4 Rb2 42. Ke3 Kf6 43. Kd3 Rb1 44. Kc2 Rb5 45. Kd3 Rb1 46. Rg2 Ke6 47. Kc3 Kf6 48. Kd3 Ke6 49. Ke3 Rb2 50. Rd2 Rb1 51. Rd3 Rg1 52. Kf2 1-0

[Event "Barcelona Sant Marti op-A 18th"]
[Site "Barcelona"]
[Date "2016.07.14"]
[Round "2"]
[White "Ramirez Garcia, Jorge Alberto"]
[Black "Kunal, Kakumanu Prasad"]
[Result "0-1"]
[WhiteElo "2264"]
[BlackElo "1903"]
[PlyCount "88"]
[EventDate "2016.07.13"]
[EventType "swiss"]
[EventRounds "9"]
[EventCountry "ESP"]
[SourceTitle "CBM 173 Extra"]
[Source "ChessBase"]
[SourceDate "2016.08.29"]
[SourceVersion "1"]
[SourceVersionDate "2016.08.29"]
[SourceQuality "1"]

1. e4 e5 2. f4 Nf6 3. Nc3 d5 4. fxe5 Nxe4 5. Nf3 Bg4 6. Qe2 Nc6 7. Nxe4 dxe4 8. Qxe4 Bxf3 9. Qxf3 Bc5 10. Bb5 0-0 11. Bxc6 bxc6 12. c3 Qh4+ 13. g3 Qc4 14. d3 Qe6 15. Be3 Rae8 16. Bxc5 Qxe5+ 17. Be3 Qxe3+ 18. Qxe3 Rxe3+ 19. Kd2 Rfe8 20. Rae1 Rxe1 21. Rxe1 Rxe1 22. Kxe1 f5 23. Kf2 Kf7 24. Ke3 Ke6 25. Kd4 g5 26. b4 Kd6 27. a4 a6 28. c4 c5+ 29. bxc5+ Kc6 30. a5 f4 31. gxf4 gxf4 32. h4 f3 33. Ke3 Kxc5 34. Kxf3 Kb4 35. Ke3 Kxa5 36. Kd2 Kb4 37. Kc2 a5 38. h5 h6 39. Kb2 a4 40. Ka2 Kc3 41. c5 Kxd3 42. c6 Kc4 43. Kb2 Kc5 44. Ka3 Kb5 0-1

[Event "Barbera del Valles op 39th"]
[Site "Barbera del Valles"]
[Date "2016.07.09"]
[Round "6"]
[White "Kunal, Kakumanu Prasad"]
[Black "Villar Reymundo, Juan Antonio"]
[Result "1/2-1/2"]
[WhiteElo "1903"]
[BlackElo "2165"]
[PlyCount "56"]
[EventDate "2016.07.04"]
[EventType "swiss"]
[EventRounds "9"]
[EventCountry "ESP"]
[SourceTitle "EXT 2017"]
[Source "ChessBase"]
[SourceDate "2016.10.25"]
[SourceVersion "1"]
[SourceVersionDate "2016.10.25"]
[SourceQuality "1"]

1. e4 c5 2. Nf3 Nc6 3. Bb5 g6 4. Bxc6 bxc6 5. 0-0 Bg7 6. Re1 Nh6 7. c3 0-0 8. h3 f6 9. d4 cxd4 10. cxd4 Nf7 11. Nc3 Rb8 12. Qe2 Qa5 13. Be3 d6 14. Rac1 Ba6 15. Qd2 Rfd8 16. b3 Rdc8 17. Na4 Qd8 18. Rc2 e6 19. Rec1 Bb7 20. Ne1 c5 21. f3 cxd4 22. Bxd4 Bh6 23. Rxc8 Bxc8 24. Be3 Bxe3+ 25. Qxe3 Rb7 26. Qd4 Bd7 27. Nb2 Ne5 28. Ned3 Nxd3 1/2-1/2

[Event "Barbera del Valles op 39th"]
[Site "Barbera del Valles"]
[Date "2016.07.08"]
[Round "5"]
[White "Le Ruyet, Leopold"]
[Black "Kunal, Kakumanu Prasad"]
[Result "1/2-1/2"]
[WhiteElo "2205"]
[BlackElo "1903"]
[PlyCount "105"]
[EventDate "2016.07.04"]
[EventType "swiss"]
[EventRounds "9"]
[EventCountry "ESP"]
[SourceTitle "EXT 2017"]
[Source "ChessBase"]
[SourceDate "2016.10.25"]
[SourceVersion "1"]
[SourceVersionDate "2016.10.25"]
[SourceQuality "1"]

1. Nf3 c5 2. g3 Nc6 3. Bg2 g6 4. 0-0 Bg7 5. c3 e5 6. d4 cxd4 7. cxd4 e4 8. Ne5 d5 9. Nc3 Nge7 10. Nxc6 Nxc6 11. Be3 0-0 12. f3 exf3 13. Bxf3 Be6 14. Bf2 Rc8 15. Rc1 Qd6 16. e3 Rfd8 17. Qd2 Ne7 18. Ne2 Rxc1 19. Rxc1 Rc8 20. Rxc8+ Nxc8 21. Nf4 Bf8 22. Qa5 Qb6 23. Qc3 Qc6 24. Nxd5 Bxd5 25. Bxd5 Qxd5 26. Qxc8 Qe4 27. Qc1 Bh6 28. h3 Kg7 29. Qc3 Bg5 30. Kh2 h5 31. d5+ Bf6 32. Qd2 Qf3 33. d6 h4 34. d7 g5 35. e4 g4 36. e5 Be7 37. hxg4 h3 38. Bc5 Bd8 39. Qf2 Qxg4 40. Qf6+ Bxf6 41. exf6+ Kg6 42. d8Q Qe2+ 43. Kxh3 Qh5+ 44. Kg2 Qxc5 45. Qd3+ Kxf6 46. Qf3+ Kg6 47. Qxb7 Qc2+ 48. Kf3 Qd1+ 49. Kf4 Qc1+ 50. Kg4 Qc4+ 51. Kh3 Qxa2 52. Qe4+ Kf6 53. Qd4+ 1/2-1/2

[Event "Barbera del Valles op 39th"]
[Site "Barbera del Valles"]
[Date "2016.07.06"]
[Round "3"]
[White "Kunal, Kakumanu Prasad"]
[Black "Ivana Maria, Furtado"]
[Result "1/2-1/2"]
[WhiteElo "1903"]
[BlackElo "2188"]
[PlyCount "74"]
[EventDate "2016.07.04"]
[EventType "swiss"]
[EventRounds "9"]
[EventCountry "ESP"]
[SourceTitle "EXT 2017"]
[Source "ChessBase"]
[SourceDate "2016.10.25"]
[SourceVersion "1"]
[SourceVersionDate "2016.10.25"]
[SourceQuality "1"]

1. e4 e6 2. d4 d5 3. Nd2 Nf6 4. e5 Nfd7 5. Bd3 c5 6. c3 Nc6 7. Ne2 cxd4 8. cxd4 f6 9. exf6 Nxf6 10. Nf3 Bd6 11. 0-0 Qc7 12. Bg5 0-0 13. Bh4 Nh5 14. Qc2 h6 15. Bh7+ Kh8 16. Bg6 Rxf3 17. Bxh5 Rf8 18. Bg3 Bd7 19. Qd2 Rf6 20. b4 Bxg3 21. hxg3 Qd6 22. a3 Ne7 23. Nf4 g5 24. Nd3 Bb5 25. Be2 Nc6 26. Nc1 Bxe2 27. Nxe2 a6 28. Nc3 Raf8 29. Nd1 e5 30. dxe5 Qxe5 31. Ne3 Rd6 32. Rad1 b5 33. Rfe1 d4 34. Nc4 bxc4 35. Rxe5 Nxe5 36. Qe2 Nd3 37. Qc2 Rfd8 1/2-1/2

[Event "Barcelona Sant Marti op-A 17th"]
[Site "Barcelona"]
[Date "2015.07.18"]
[Round "6"]
[White "Cervello Tost, Roger"]
[Black "Kunal, Kakumanu Prasad"]
[Result "1-0"]
[WhiteElo "1960"]
[BlackElo "1713"]
[PlyCount "92"]
[EventDate "2015.07.13"]
[EventType "swiss"]
[EventRounds "9"]
[EventCountry "ESP"]
[SourceTitle "CBM 167 Extra"]
[Source "ChessBase"]
[SourceDate "2015.09.14"]
[SourceVersion "1"]
[SourceVersionDate "2015.09.14"]
[SourceQuality "1"]

1. e4 c5 2. d4 cxd4 3. c3 d5 4. exd5 Nf6 5. Nf3 dxc3 6. Nxc3 g6 7. Be2 Bg7 8. 0-0 0-0 9. h3 Nbd7 10. Bf4 Nb6 11. d6 e6 12. Nb5 Nbd5 13. Be5 Bd7 14. Nc7 Rc8 15. Qd4 Ne8 16. Nxd5 exd5 17. Qxd5 Bc6 18. Qd4 Bxe5 19. Nxe5 Qxd6 20. Rfd1 Qxd4 21. Rxd4 Nf6 22. Bc4 Rc7 23. Rc1 Bd5 24. g4 h6 25. f4 Rfc8 26. g5 Bxc4 27. gxf6 Bxa2 28. Rxc7 Rxc7 29. b4 Be6 30. h4 b6 31. b5 Kh7 32. Rd8 h5 33. Nf3 Rc1+ 34. Kf2 Rc2+ 35. Ke1 g5 36. fxg5 Rc5 37. Nd4 Rd5 38. Nxe6 Re5+ 39. Kf2 Rxe6 40. Rf8 Re5 41. Rxf7+ Kh8 42. Rxa7 Rxb5 43. Ke3 Rf5 44. Ke4 Rf1 45. Ke5 Kg8 46. g6 Re1+ 1-0

[Event "Barcelona Sant Marti op-A 17th"]
[Site "Barcelona"]
[Date "2015.07.16"]
[Round "4"]
[White "Castrillon Gomez, Melissa"]
[Black "Kunal, Kakumanu Prasad"]
[Result "1-0"]
[WhiteElo "2199"]
[BlackElo "1713"]
[PlyCount "59"]
[EventDate "2015.07.13"]
[EventType "swiss"]
[EventRounds "9"]
[EventCountry "ESP"]
[SourceTitle "CBM 167 Extra"]
[Source "ChessBase"]
[SourceDate "2015.09.14"]
[SourceVersion "1"]
[SourceVersionDate "2015.09.14"]
[SourceQuality "1"]

1. e4 c5 2. Nf3 Nc6 3. Bb5 d6 4. d4 cxd4 5. Qxd4 Qa5+ 6. Nc3 Bd7 7. Bxc6 bxc6 8. 0-0 Qb6 9. Qd3 g6 10. Be3 Qc7 11. Bd4 f6 12. Qc4 Nh6 13. Rfe1 Bg7 14. Rad1 Nf7 15. Nd5 Qc8 16. Ne3 Ne5 17. Nxe5 fxe5 18. Bc3 Be6 19. Qa4 0-0 20. Nc4 Qe8 21. f3 Qc8 22. Na5 Qc7 23. Nxc6 Qd7 24. Qa6 Qc7 25. Ba5 Qd7 26. Nb4 Rfc8 27. b3 Rab8 28. c4 Rc5 29. Nd5 Rc6 30. Qxc6 1-0

[Event "Barbera del Valles op 38th"]
[Site "Barbera del Valles"]
[Date "2015.07.10"]
[Round "7"]
[White "Fernandez Aguilar, Francisco"]
[Black "Kunal, Kakumanu Prasad"]
[Result "1/2-1/2"]
[WhiteElo "2067"]
[BlackElo "1713"]
[PlyCount "52"]
[EventDate "2015.07.04"]
[EventType "swiss"]
[EventRounds "9"]
[EventCountry "ESP"]
[SourceTitle "CBM 167 Extra"]
[Source "ChessBase"]
[SourceDate "2015.09.14"]
[SourceVersion "1"]
[SourceVersionDate "2015.09.14"]
[SourceQuality "1"]

1. e4 c5 2. Nc3 Nc6 3. Bb5 Nd4 4. Bc4 g6 5. Nf3 Bg7 6. Nxd4 cxd4 7. Qf3 Nh6 8. d3 0-0 9. Ne2 Ng4 10. Bb3 d6 11. 0-0 Ne5 12. Qg3 Nd7 13. a3 Nc5 14. Ba2 Be6 15. Bxe6 Nxe6 16. f4 Qc7 17. f5 Qxc2 18. fxe6 Qxe2 19. exf7+ Rxf7 20. Rxf7 Kxf7 21. Bg5 Rf8 22. Qh3 Kg8 23. Qe6+ Kh8 24. Bh4 Qe3+ 25. Kh1 Qe2 26. Rg1 Rf1 1/2-1/2

[Event "Barbera del Valles op 38th"]
[Site "Barbera del Valles"]
[Date "2015.07.04"]
[Round "1"]
[White "Kunal, Kakumanu Prasad"]
[Black "Ortega Serra, Marc"]
[Result "0-1"]
[WhiteElo "1713"]
[BlackElo "2257"]
[PlyCount "100"]
[EventDate "2015.07.04"]
[EventType "swiss"]
[EventRounds "9"]
[EventCountry "ESP"]
[SourceTitle "CBM 167 Extra"]
[Source "ChessBase"]
[SourceDate "2015.09.14"]
[SourceVersion "1"]
[SourceVersionDate "2015.09.14"]
[SourceQuality "1"]

1. c4 c5 2. Nc3 Nf6 3. Nf3 g6 4. g3 Bg7 5. Bg2 0-0 6. 0-0 d6 7. Rb1 Nc6 8. a3 Nd4 9. d3 Nd7 10. Nxd4 cxd4 11. Nd5 e6 12. Nb4 a5 13. Nc2 a4 14. b4 axb3 15. Rxb3 Nc5 16. Rb1 Bd7 17. Nb4 Ra7 18. Bf4 Rxa3 19. Qc1 Rc3 20. Qd2 Ba4 21. Qa2 Qd7 22. Rb2 Rb3 23. Rxb3 Bxb3 24. Qa7 e5 25. Bg5 h6 26. Bd2 e4 27. Rb1 f5 28. Qb6 g5 29. Nd5 Bc2 30. Re1 Re8 31. dxe4 fxe4 32. e3 d3 33. f3 Nb3 34. Qb4 Qc6 35. fxe4 Qc5 36. Qxc5 dxc5 37. Bc3 g4 38. h3 h5 39. hxg4 hxg4 40. Kh2 Rf8 41. Kg1 Bxc3 42. Nxc3 d2 43. Rf1 Rxf1+ 44. Kxf1 d1Q+ 45. Nxd1 Bxd1 46. Kf2 Kf7 47. e5 Ke6 48. Bxb7 Kxe5 49. Bc6 Na5 50. Bd5 Bb3 0-1